<?xml version="1.0" encoding="UTF-8"?>
<collection xmlns:xsi="http://www.w3.org/2001/XMLSchema-instance" xsi:schemaLocation="http://www.loc.gov/MARC21/slim http://www.loc.gov/standards/marcxml/schema/MARC21slim.xsd" xmlns="http://www.loc.gov/MARC21/slim">
 <record>
  <leader>00000ctm a22000003a 4500</leader>
  <controlfield tag="001">UP-99796217610412268</controlfield>
  <controlfield tag="003">Buklod</controlfield>
  <controlfield tag="005">20120723144416.0</controlfield>
  <controlfield tag="006">m    |o  d |      </controlfield>
  <controlfield tag="007">ta</controlfield>
  <controlfield tag="008">120723s2012    xx     d     r    |||| u|</controlfield>
  <datafield tag="035" ind1=" " ind2=" ">
   <subfield code="a">(iLib)UPD-00187105922</subfield>
  </datafield>
  <datafield tag="040" ind1=" " ind2=" ">
   <subfield code="a">DMC</subfield>
  </datafield>
  <datafield tag="041" ind1=" " ind2=" ">
   <subfield code="a">eng</subfield>
  </datafield>
  <datafield tag="090" ind1=" " ind2=" ">
   <subfield code="a">LG 993.5 2012 M3 M34</subfield>
  </datafield>
  <datafield tag="100" ind1="0" ind2=" ">
   <subfield code="a">Magtibay, Helene Grace D.</subfield>
  </datafield>
  <datafield tag="245" ind1="0" ind2="0">
   <subfield code="a">Wants upon a time</subfield>
   <subfield code="b">senior citizens' individual and social uses of media and the existence of a rural-urban media divide</subfield>
   <subfield code="c">by Helene Grace D. Magtibay, Rea Rosario G. Malite; Jose R. Lacson, Jr. adviser.</subfield>
  </datafield>
  <datafield tag="264" ind1=" " ind2="1">
   <subfield code="c">2012.</subfield>
  </datafield>
  <datafield tag="300" ind1=" " ind2=" ">
   <subfield code="a">xviii, 88 leaves</subfield>
   <subfield code="b">ill.</subfield>
  </datafield>
  <datafield tag="500" ind1=" " ind2=" ">
   <subfield code="a">Vita.</subfield>
  </datafield>
  <datafield tag="502" ind1=" " ind2=" ">
   <subfield code="a">Undergraduate thesis (A.B. Communication Research)--University of the Philippines.</subfield>
  </datafield>
  <datafield tag="520" ind1="3" ind2=" ">
   <subfield code="a">&quot;There is a scarce of studies regarding the individual and social uses of media. Quite marked is the lack of studies regarding senior citizen's media viewing attitudes, preferences, and bahavior. Even the existence of an urban-rural media divide in the Philippine setting wasn't fully established yet. Hence, this study aimed to looking into the individual and social uses of different forms of media and the existence of a rural-urban media divide. Using both survey and focus interviews as research methods, data necessary in the fulfillment of this study were obtained from senior citizens with different backgrounds and with different geographic locations. A total of 200 senior citizens, 100 from Metro Manila and 100 from San Pascual, Batangas, and Lopez, Quezon were interviewed for this study. Findings of the study revealed that individual uses of media are categorized into three mainly 1) surveillance, 2) diversion, and 3) personal identity. On the other hand, social use of media is mainly to build personal relationships. The study also found that senior citizens are most exposed to the traditional forms of media rather than the new media. Out of the three conventional media forms, televisions is the medium they are most exposed to. It is also the respondents' most preferred medium. Furthermore, rural-urban divide is found to be non-existent in Metro Manila, and the provinces of Batangas and Quezon. This study could shed more light on the media consumption of the elderly. It can also be used by business and media industries whose target markets are senior citizens.&quot;</subfield>
  </datafield>
  <datafield tag="650" ind1=" " ind2="0">
   <subfield code="a">Mass media and older people</subfield>
   <subfield code="z">Philippines.</subfield>
  </datafield>
  <datafield tag="700" ind1="1" ind2=" ">
   <subfield code="a">Malite, Rea Rosario G.</subfield>
  </datafield>
  <datafield tag="700" ind1="1" ind2=" ">
   <subfield code="a">Lacson, Jose R, Jr.</subfield>
   <subfield code="e">adviser.</subfield>
  </datafield>
  <datafield tag="905" ind1=" " ind2=" ">
   <subfield code="a">FI</subfield>
  </datafield>
  <datafield tag="852" ind1="0" ind2=" ">
   <subfield code="a">UPD</subfield>
   <subfield code="b">DMC</subfield>
   <subfield code="h">LG 993.5 2012 M3 M34</subfield>
  </datafield>
  <datafield tag="942" ind1=" " ind2=" ">
   <subfield code="a">Thesis</subfield>
  </datafield>
 </record>
</collection>
